header

From Zanzibar to Lake Tanganyika (Record no. 11675)

MARC details
000 -LEADER
fixed length control field 01098nam a2200277Ia 4500
100 1# - MAIN ENTRY--AUTHOR NAME
Personal name Burton, Richard Francis,
245 10 - TITLE STATEMENT
Title From Zanzibar to Lake Tanganyika
260 ## - PUBLICATION, DISTRIBUTION, ETC. (IMPRINT)
Place of publication Santa Barbara, Calif. :
Name of publisher Narrative Press,
Year of publication 2001.
300 ## - PHYSICAL DESCRIPTION
Number of Pages 358 p.
490 1# - SERIES STATEMENT
Series statement The lake regions of central Africa ;
650 #0 - SUBJECT ADDED ENTRY--TOPICAL TERM
Topical Term Rivers
856 40 - ELECTRONIC LOCATION AND ACCESS
Uniform Resource Identifier http://site.ebrary.com/lib/rucke/Doc?id=10015375

No items available.

© 2026 Rongo University
Contact us: librarian | system librarian | Rongo university